000 00562nam a22002057a 4500
003 OSt
005 20140310182925.0
008 130130t xxu||||| |||| 00| 0 eng d
020 _a9710388126
050 _aPE 1408
_b.V718 2010
082 _aFIL 428.007
_bV718 2010
245 _aImproving your English skills
_cVillanueva, Perla M.
260 _aMandaluyong City
_bBooks Atbp. Publishing Group
_cc2010
300 _a431 p.
_c 22 cm.
521 _acollege students
526 _c1210L-1710L
541 _j1
562 _e1
942 _2lcc
_cBK
_kFIL
999 _c17405
_d17405